000 01073nam a2200253Ia 4500
003 OSt
005 20221005103902.0
006 a|||||r|||| 00| 0
007 ta
008 221004b |||||||| |||| 00| 0 hin d
020 _a9788178357416 (hbk)
_c575
024 _a97359
037 _b463, 22/12/2008, Eastern Book Linkers
_cTextual
040 _aCRL
_cCRL
_bhin
041 _2hin
_ahin
082 _aY5927.2, 152P9
100 _aठाकुर, हरि नारायण
245 0 _aभारत में पिछड़ा वर्ग आंदोलन और परिवर्तन का नया समाजशास्त्र
246 _aBhārat mean pichhaड़ā varga āandolan aur parivartan kā nayā samājashāstra
260 _aदिल्ली
_bकल्पज़ पब्लिकेशन्स भारत
_c2009
300 _a229पृ0
_ccm.
942 _hY5927.2, 152P9
_cTEXL
_2cc
999 _c1011157
_d1011157